Vplyv rozvoja obchodu s poľnohospodársko-potravinárskymi komoditami členských krajín RVHP na spotrebu obyvateľstva ČSSR vybrané komodity dovozu OZO Koospol

Salvato in:
Dettagli Bibliografici
Autore principale: Smreková, Marta
Ente Autore: Vysoká škola ekonomická v Bratislave
Altri autori: Raček, Pavol
Natura: Libro
Lingua:slovacco
Pubblicazione: Bratislava 1985
Soggetti:
Tags: Aggiungi Tag
Nessun Tag, puoi essere il primo ad aggiungerne!!

MARC

LEADER 00000nam a2200000 4500
001 c002726
005 20221220080613.5
041 0 |a slo 
044 |a SK 
245 1 0 |a Vplyv rozvoja obchodu s poľnohospodársko-potravinárskymi komoditami členských krajín RVHP na spotrebu obyvateľstva ČSSR  |b vybrané komodity dovozu OZO Koospol  |c Marta Smreková ; Škol. Pavol Raček 
264 1 |a Bratislava  |c 1985 
300 |a 238 s. 
610 2 0 |a obchod zahraničný 
610 2 0 |a komodity 
610 2 0 |a ČSSR 
610 2 0 |a výrobky poľnohospodárske 
610 2 0 |a potraviny 
610 2 0 |a štruktúra dovozu 
610 2 0 |a štruktúra vývozu 
610 2 0 |a spotreba potravín 
610 2 0 |a prognózy 
610 2 0 |a spotreba obyvateľstva 
100 1 |a Smreková, Marta 
700 1 |a Raček, Pavol 
710 2 |a Vysoká škola ekonomická v Bratislave